Medzinárodný obchod 2
Guardado en:
| Autor principal: | |
|---|---|
| Autor Corporativo: | |
| Formato: | Libro |
| Lenguaje: | eslovaco |
| Publicado: |
Bratislava
EU
1994
|
| Edición: | 2. vyd. |
| Materias: | |
| Etiquetas: |
Sin Etiquetas, Sea el primero en etiquetar este registro!
|
MARC
| LEADER | 00000nam a2200000 4500 | ||
|---|---|---|---|
| 001 | c005118 | ||
| 005 | 20221214074527.3 | ||
| 020 | |a 80-225-0570-6 | ||
| 041 | 0 | |a slo | |
| 044 | |a SK | ||
| 245 | 1 | 0 | |a Medzinárodný obchod 2 |c Ľubomír Michník a kol. |
| 250 | |a 2. vyd. | ||
| 264 | 1 | |a Bratislava |b EU |c 1994 | |
| 300 | |a 128 s. | ||
| 610 | 2 | 0 | |a ČSFR |
| 610 | 2 | 0 | |a obchod medzinárodný |
| 610 | 2 | 0 | |a obchod zahraničný |
| 610 | 2 | 0 | |a politika obchodná |
| 610 | 2 | 0 | |a Európske spoločenstvá |
| 610 | 2 | 0 | |a dohody asociačné |
| 610 | 2 | 0 | |a obchod voľný |
| 610 | 2 | 0 | |a dovoz |
| 610 | 2 | 0 | |a vývoz |
| 610 | 2 | 0 | |a EZVO |
| 610 | 2 | 0 | |a ATA |
| 610 | 2 | 0 | |a poisťovníctvo |
| 610 | 2 | 0 | |a služby obchodné |
| 100 | 1 | |a Michník, Ľubomír | |
| 710 | 2 | |a Ekonomická univerzita v Bratislave. Obchodná fakulta | |